REINVENTING THE UNITED NATIONS (Record no. 33349)
[ view plain ]
| 000 -LEADER | |
|---|---|
| fixed length control field | 00304nam a22001337a 4500 |
| 003 - CONTROL NUMBER IDENTIFIER | |
| control field | SGT |
| 020 ## - INTERNATIONAL STANDARD BOOK NUMBER | |
| International Standard Book Number | 9788120332829 |
| 082 ## - DEWEY DECIMAL CLASSIFICATION NUMBER | |
| Classification number | 341.23 |
| Item number | BAN |
| 100 ## - MAIN ENTRY--PERSONAL NAME | |
| Personal name | BANERJEE AJIT M |
| 245 ## - TITLE STATEMENT | |
| Title | REINVENTING THE UNITED NATIONS |
| 260 ## - PUBLICATION, DISTRIBUTION, ETC. (IMPRINT) | |
| Place of publication, distribution, etc | LUCKNOW |
| Name of publisher, distributor, etc | EASTERN BOOK COMPANY |
| Year of Publication | 2007 |
| 300 ## - PAGE DESCRIPTION | |
| No. of Pages | 388 |
| 942 ## - ADDED ENTRY ELEMENTS (KOHA) | |
| Source of classification or shelving scheme | Dewey Decimal Classification |
| Koha item type | Books |
| Withdrawn status | Lost status | Source of classification or shelving scheme | Damaged status | Not for loan | Collection code | Home library | Current library | Date acquired | Cost, normal purchase price | SGTU | Total Checkouts | Full call number | Accession No. (Barcode) | Date last seen | Bill Date | Koha item type |
|---|---|---|---|---|---|---|---|---|---|---|---|---|---|---|---|---|
| Dewey Decimal Classification | Not For Loan | LAW | SGT Science & Social Sciences Library | SGT Science & Social Sciences Library | 15/01/2026 | 395.00 | SGTU | 341.23 BAN | FL3907 | 15/01/2026 | 15/01/2026 | Books |